[Event "ARM-ch Club 2018"]
[Site "Yerevan"]
[Date "2018.06.11"]
[Round "4"]
[White "Ter-Sahakyan, Samvel"]
[Black "Shmavonyan, Areg"]
[Result "1-0"]
[WhiteElo "2546"]
[BlackElo "2103"]
[Annotator "TA"]
[PlyCount "99"]
[EventDate "2018.??.??"]
[EventCountry "ARM"]
[SourceTitle "playchess.com"]
[Source "ChessBase"]
[SourceQuality "1"]

{[%evp 26,99,26,28,13,21,17,11,14,16,17,22,36,26,44,39,63,22,37,21,35,21,27,16,64,43,37,35,54,35,125,56,69,62,127,47,131,29,117,129,112,52,229,53,61,74,73,0,130,119,123,139,124,111,143,25,34,29,168,140,100,76,70,81,88,104,70,5,49,51,67,54,334,322,854,854]} 1. e4 e5 2. Nf3 Nc6 3. Bb5 a6 4. Ba4 Nf6 5. O-O Be7 6. d3 b5 7. Bb3 d6 8. a4 b4 9. Nbd2 O-O 10. a5 Rb8 11. Re1 Be6 12. Bxe6 {C88: Closed Ruy Lopez: Anti-Marshall Systems} fxe6 13. c3 bxc3 14. bxc3 {LiveBook: 4 Games. White has an edge.} Rb5 15. d4 {[#]} Qd7 $146 ({Predecessor:} 15... exd4 16. cxd4 Nb4 17. Nf1 c5 18. dxc5 dxc5 {½-½ (37) Grischuk,A (2761)-Ding,L (2759) China 2017}) 16. Qe2 Ra8 17. dxe5 dxe5 18. Nc4 Rd8 19. Bg5 Qd3 20. Qa2 $1 {Ncxe5! is the strong threat.} Kh8 21. Re3 Qd7 22. h3 Rdb8 23. Qc2 Rc5 24. Nfd2 Bd6 25. Ree1 Rcb5 26. Red1 Qe7 27. Nf3 Rd8 (27... Qf8 $14) 28. Rd2 (28. Rab1 $16) 28... Rc5 29. Qd3 Qf8 (29... Rb5 $14) 30. Qe2 (30. Rb2 $16) 30... Rb8 {[#]} (30... h6 $14) 31. Rad1 (31. Be3 $1 $16 Rcb5 32. Bg5) 31... Ne8 (31... Be7 $11 {keeps the balance.}) 32. Be3 $16 Rcb5 33. Ng5 ({White should play} 33. Nxd6 $16 cxd6 34. c4 Rxa5 35. Rb2) 33... Nd8 $2 (33... Qe7 $1 $14) 34. Qg4 $2 ({Weaker is} 34. Qh5 h6 $14) (34. Nxd6 $18 cxd6 35. c4 (35. Qh5 h6 $15)) 34... Nf6 $14 35. Qh4 {[%cal Rc4d6]} ({But not} 35. Nxe6 $6 Qe7 $11) 35... Be7 36. Qg3 ({Better is} 36. Rd7 $16 h6 37. Rxc7) 36... h6 (36... Kg8 $11 {remains equal.}) 37. Nxe5 $16 Rxe5 38. Qxe5 hxg5 39. Qxc7 Nf7 40. Bb6 (40. Qc6 $16) 40... Nxe4 $11 41. Rd7 Re8 (41... Rc8 $11 42. Qb7 Nfd6 43. Qxa6 Nxc3 44. R1xd6 Bxd6 45. Rxd6 Ne2+ 46. Qxe2 Qxd6 47. Qh5+ Kg8 48. Qxg5 Rc2) 42. Qc4 {[%mdl 1024] White has strong compensation.} Nf6 43. R7d2 Nd5 44. Qxa6 Nxc3 45. Rc1 $36 {[%mdl 2048] Keeping Black busy.} Nd5 46. Qb7 (46. Qe2 $14) 46... Nd6 47. Qd7 Ne4 48. Rdc2 {[#] aiming for Rc8.} Ba3 $2 {[%mdl 8192]} (48... Nef6 $14 49. Qb5 g4) 49. Rc8 $18 Nxb6 $2 (49... Nef6 50. Rxe8 Nxd7 51. Rxf8+ Bxf8) 50. Qxe8 {Precision: White = 35%, Black = 24%.} 1-0

[Event "ARM-ch Club 2018"]
[Site "Yerevan"]
[Date "2018.06.11"]
[Round "4"]
[White "Mikaelyan, Arman"]
[Black "Kotanjian, Tigran"]
[Result "1/2-1/2"]
[WhiteElo "2500"]
[BlackElo "2488"]
[Annotator "TA"]
[PlyCount "81"]
[EventDate "2018.??.??"]
[EventCountry "ARM"]
[SourceTitle "playchess.com"]
[Source "ChessBase"]
[SourceQuality "1"]

{[%evp 29,81,7,13,2,6,16,6,7,24,24,24,24,23,21,23,4,16,5,7,6,6,4,7,7,11,0,2,0,0,0,0,0,0,0,0,0,10,0,0,0,0,0,0,0,0,0,0,0,0,0,0,0,0,0]} 1. d4 Nf6 2. c4 e6 3. Nf3 d5 4. Nc3 dxc4 5. e3 a6 6. a4 c5 7. Bxc4 Nc6 8. O-O Be7 9. Qe2 cxd4 10. Rd1 e5 11. exd4 exd4 12. Nxd4 Nxd4 13. Qe5 Qd6 14. Qxd4 Qxd4 15. Rxd4 Bc5 16. Rd1 {D27: Queen's Gambit Accepted: Classical main line: 7 e4!? and 7 a4} Be6 (16... O-O 17. h3 Be6 18. Bxe6 fxe6 19. Kf1 Nd5 20. f3 Nxc3 21. bxc3 Rac8 22. Rb1 b6 23. Re1 Rc6 {½-½ (31) Eljanov,P (2741)-Caruana,F (2813) Douglas 2016}) 17. Bxe6 fxe6 18. Bg5 Rd8 (18... Rc8 {seems wilder.} 19. g3 Be7 20. Rd4 Rc7 21. Rad1 Kf7) 19. Rxd8+ Kxd8 20. Ne4 Be7 21. Rd1+ Kc8 22. h4 $146 ({Predecessor:} 22. f3 Rd8 23. Rc1+ Kd7 24. Rd1+ Kc8 25. Rc1+ Kd7 26. Rd1+ Kc8 {½-½ (26) Zivkovic,V (2397)-Feletar,D (2379) Zadar 2009}) 22... Re8 {The position is equal.} 23. Rc1+ Kd7 24. Bxf6 gxf6 25. Nc5+ Bxc5 $1 26. Rxc5 $11 {[%mdl 4096] Endgame KR-KR} e5 27. f3 Kd6 28. Rc4 f5 29. a5 Re7 30. Kf2 Kd5 31. b3 h5 32. Rc8 Kd4 33. Rh8 e4 34. fxe4 fxe4 35. Rxh5 e3+ 36. Ke2 {[#] aiming for Rg5.} Rf7 37. Rg5 {And now Rg4+ would win.} Rf2+ 38. Ke1 Kd3 39. h5 Rb2 {[%cal Rb2b1] [#]} 40. Rd5+ Ke4 41. Rd7 {Precision: White = 64%, Black = 77%.} 1/2-1/2

[Event "ARM-ch Club 2018"]
[Site "Yerevan"]
[Date "2018.06.11"]
[Round "4"]
[White "Sargsyan, Shant"]
[Black "Davtyan, David Arm"]
[Result "1-0"]
[WhiteElo "2499"]
[BlackElo "1958"]
[Annotator "TA"]
[PlyCount "83"]
[EventDate "2018.??.??"]
[EventCountry "ARM"]
[SourceTitle "playchess.com"]
[Source "ChessBase"]
[SourceQuality "1"]

{[%evp 15,83,39,38,22,48,31,43,3,12,8,20,8,0,2,0,0,14,0,56,48,100,100,100,100,100,100,133,137,135,116,156,139,130,131,156,87,199,139,132,132,218,68,58,64,102,101,113,103,108,120,109,106,166,169,170,164,245,245,353,361,392,383,424,415,415,412,381,407,457,444]} 1. c4 c5 2. Nf3 Nf6 3. Nc3 Nc6 4. e3 e6 5. d4 d5 6. cxd5 exd5 7. Bb5 a6 8. Bxc6+ bxc6 {LiveBook: 41 Partien} 9. Qa4 {D32: Damengambit (Tarrasch-Verteidigung)} (9. O-O Bd6 10. Qa4 Bd7 11. dxc5 Bxc5 12. Ne5 O-O 13. Nxd7 Qxd7 14. b3 Rfe8 15. Bb2 Qd6 16. Rad1 Rab8 17. Qh4 {0-1 (37) Gelfand,B (2697)-Yuffa,D (2522) Moscow 2017}) 9... Qc7 10. O-O Bd6 11. dxc5 {Weiß steht etwas besser.} (11. e4 $5 cxd4 12. Qxd4 $14) 11... Bxc5 12. b3 $146 ({Vorgänger:} 12. b4 Bd6 13. h3 O-O 14. Bb2 Bd7 15. Qb3 Rab8 16. a3 Qb7 {0-1 (37) De Araujo,L (1920)-Chemin,V (2180) Curitiba 2013}) 12... O-O 13. Ba3 Bxa3 14. Qxa3 Bg4 15. Nd2 Rfe8 16. Rac1 Bd7 (16... Qe5 $11) 17. Nf3 Qa7 {[#]} (17... c5 $14) 18. Na4 $1 $16 Ne4 19. Nc5 Nxc5 20. Rxc5 Qc7 21. Rfc1 Qd6 22. Qb4 Re4 23. Qb7 Rae8 24. Qxa6 Qg6 25. Qf1 ({Schwächer ist} 25. Rxc6 Bxc6 26. Rxc6 R4e6 $11) (25. a4 $142) 25... h5 (25... f5 $16) 26. Kh1 (26. Nd4 $18) 26... h4 27. h3 Qf6 (27... f5 $16 28. Ra5 Qf6) 28. Nh2 ({Günstiger ist} 28. a4 $18) 28... d4 $14 29. exd4 Re2 {[#]} 30. R5c2 $1 {[%cal Rc2e2]} Rxc2 31. Rxc2 Qxd4 32. Nf3 $36 {[%mdl 2048] Weiss ist am Drücker.} Qf6 33. Re2 Rxe2 (33... Ra8 $16) 34. Qxe2 $18 Be6 35. Qe5 Qg6 (35... Qxe5 {kämpft weiter.} 36. Nxe5 c5) 36. Kh2 ({Auf keinen Fall} 36. Nxh4 $6 Qc2) 36... Bd5 (36... Qc2 $142 37. Ng5 (37. Nxh4 Qxa2 38. Ng6 fxg6 $16) 37... Qf5 38. Qb8+ Bc8) 37. Nxh4 Qe4 38. Qxe4 Bxe4 39. Nf3 Kf8 40. Kg3 Ke7 41. Kf4 Bb1 42. Nd2 {Precision: Weiß = 66%, Schwarz = 41%.} 1-0

[Event "ARM-ch Club 2018"]
[Site "Yerevan"]
[Date "2018.06.11"]
[Round "4"]
[White "Minasian, Artashes"]
[Black "Bakunts, Rafael"]
[Result "0-1"]
[WhiteElo "2483"]
[BlackElo "2395"]
[Annotator "TA"]
[PlyCount "88"]
[EventDate "2018.??.??"]
[EventCountry "ARM"]
[SourceTitle "playchess.com"]
[Source "ChessBase"]
[SourceQuality "1"]

{[%evp 13,88,3,14,0,6,0,0,0,5,0,0,-28,-26,-46,-37,-50,-47,-41,-44,-44,-37,-31,-42,-42,-23,-15,0,-3,-4,-8,-10,0,-1,-14,-18,-47,-50,-68,-20,-16,-8,-301,-307,-255,-305,-292,-277,-317,-316,-452,-433,-1774,-431,-1756,-1732,-1858,-1830,-2227,-2171,-2145,-1914,-2057,-1811,-2421,-1447,-1729,-2163,-6083,-5514,-6183,-6183,-5206,-5206,-5197,-5193,-2377,-2295]} 1. Nf3 d5 2. b3 Bg4 3. Bb2 Nd7 4. e3 e6 5. Be2 Ngf6 6. d3 Bd6 {A06: Réti Opening:1 Nf3 d5} 7. Nbd2 Qe7 {LiveBook: 3 Games} 8. a3 h6 $146 {The position is equal.} ({Predecessor:} 8... O-O 9. h3 Bxf3 10. Bxf3 e5 11. e4 d4 12. g3 b5 13. O-O Nb6 14. Bg2 {½-½ (55) Csom,I (2475)-Lamprecht,F (2395) Germany 1998}) 9. e4 dxe4 10. dxe4 {[#] And now e5 would win.} Bxf3 11. Bxf3 Be5 12. c3 Nc5 13. Qc2 Rd8 {Strongly threatening ...Nd3+.} 14. Nc4 Nd3+ 15. Kf1 Qc5 16. Rd1 Nxb2 17. Rxd8+ Kxd8 18. Qxb2 Kc8 19. g3 Rd8 {next ...Rd3 is good for Black.} 20. Kg2 Ne8 21. a4 Nd6 $36 {[%mdl 2048] Black is more active.} 22. Nxe5 Qxe5 23. Qc2 Ne8 {[%cal Bd6e8,Be8f6,Bf6d7][%mdl 32]} 24. h4 Nf6 25. h5 c5 {[%cal Bc7c5,Bc5c4,Bc4c3,Bc3c2][%mdl 32]} 26. b4 c4 27. Rd1 $2 {[%mdl 8192]} (27. Rc1 $1 $11) 27... Rxd1 $19 28. Qxd1 Qxc3 29. Qd6 Nd7 30. e5 {intending Bxb7+!} Qd3 ({Weaker is} 30... Qxe5 31. Bxb7+ Kd8 32. Qxe5 $19) ({Worse is} 30... Nxe5 31. Qc5+ Kd8 32. Qf8+ (32. Bxb7 Nd7 $17) 32... Kc7 33. Qc5+ Kd8 34. Qf8+ (34. Bxb7 Nd7 $17) 34... Kd7 35. Bxb7 $11) 31. Qe7 (31. Qxd3 $142 cxd3 32. Kf1) 31... c3 {[#] White must now prevent ...c2.Black is clearly winning.} 32. Qe8+ Kc7 {Hoping for ...c2.} 33. Qxf7 (33. Qa8 $142 Qxf3+ 34. Kxf3) 33... c2 34. Qf4 Qc3 35. Qc1 Nxe5 36. Be4 Nd3 37. Bxd3 Qxd3 {[%mdl 4096] Endgame KQ-KQ} 38. Qf4+ Kc6 39. Qf8 Kd5 40. Qc5+ Ke4 41. b5 b6 42. Qc6+ Kd4 43. Qd7+ Kc3 44. Qxg7+ Qd4 {Precision: White = 36%, Black = 65%.} 0-1

[Event "ARM-ch Club 2018"]
[Site "Yerevan"]
[Date "2018.06.11"]
[Round "4"]
[White "Gharibyan, Mamikon"]
[Black "Vardanyan, Aram"]
[Result "1/2-1/2"]
[WhiteElo "2275"]
[BlackElo "1866"]
[Annotator "ChessBase"]
[PlyCount "129"]
[EventDate "2018.??.??"]
[EventCountry "ARM"]
[SourceTitle "playchess.com"]
[Source "ChessBase"]
[SourceQuality "1"]
[TimeControl "5400+30"]

1. d4 {[%emt 0:00:00]} Nf6 {[%emt 0:00:13]} 2. c4 {[%emt 0:00:00]} g6 {[%emt 0:01:01]} 3. Nc3 {[%emt 0:00:16]} d5 {[%emt 0:00:06]} 4. cxd5 {[%emt 0:01:16]} Nxd5 {[%emt 0:00:06]} 5. e4 {[%emt 0:00:35]} Nxc3 {[%emt 0:00:07]} 6. bxc3 {[%emt 0:00:12]} Bg7 {[%emt 0:00:15]} 7. Be3 {[%emt 0:01:11]} c5 {[%emt 0:01:26]} 8. Rc1 {[%emt 0:01:04]} O-O {[%emt 0:00:52]} 9. Nf3 {[%emt 0:00:22]} b6 {[%emt 0:05:19]} 10. h3 {[%emt 0:05:38]} Bb7 {[%emt 0:01:28]} 11. Bd3 {[%emt 0:01:33]} Nd7 {[%emt 0:02:16]} 12. O-O {[%emt 0:02:15]} e6 {[%emt 0:19:49]} 13. Qe2 {[%emt 0:03:02]} Qe7 {[%emt 0:01:29]} 14. e5 {[%emt 0:01:46]} Rac8 {[%emt 0:06:16]} 15. Ng5 {[%emt 0:06:14]} h6 {[%emt 0:12:49]} 16. Ne4 {[%emt 0:01:00]} c4 {[%emt 0:00:29]} 17. Bb1 {[%emt 0:02:05]} Bxe4 {[%emt 0:01:50]} 18. Bxe4 {[%emt 0:00:11]} b5 {[%emt 0:01:43]} 19. Rb1 {[%emt 0:08:15]} Rb8 {[%emt 0:01:06]} 20. Bc6 {[%emt 0:02:04]} a6 {[%emt 0:05:54]} 21. a4 {[%emt 0:01:15]} bxa4 {[%emt 0:01:50]} 22. Qxc4 {[%emt 0:11:44]} Nb6 {[%emt 0:03:17]} 23. Qxa6 {[%emt 0:01:29]} Qc7 {[%emt 0:00:55]} 24. Be4 {[%emt 0:05:41]} Nc4 {[%emt 0:05:07]} 25. Bf4 {[%emt 0:02:50]} a3 {[%emt 0:06:59]} 26. h4 {[%emt 0:22:11]} Na5 {[%emt 0:07:45]} 27. c4 {[%emt 0:03:24]} Rxb1 {[%emt 0:05:51]} 28. Rxb1 {[%emt 0:01:13]} a2 {[%emt 0:00:22]} 29. Ra1 {[%emt 0:04:07]} Nb3 {[%emt 0:03:31]} 30. Rxa2 {[%emt 0:00:19]} Nxd4 {[%emt 0:00:04]} 31. Rd2 {[%emt 0:06:28]} Bxe5 {[%emt 0:04:11]} 32. Bxh6 {[%emt 0:04:11]} Rc8 {[%emt 0:00:26]} 33. g3 {[%emt 0:01:58]} Qxc4 {[%emt 0:01:29]} 34. Qxc4 {[%emt 0:00:26]} Rxc4 35. Bg5 {[%emt 0:00:34]} Kg7 {[%emt 0:00:40]} 36. Kg2 {[%emt 0:00:23]} Bf6 {[%emt 0:00:27]} 37. Bf4 {[%emt 0:00:40]} Nb3 {[%emt 0:00:26]} 38. Re2 {[%emt 0:00:16]} Nc5 {[%emt 0:00:18]} 39. Rc2 {[%emt 0:00:40]} Rxe4 {[%emt 0:01:04]} 40. Rxc5 {[%emt 0:00:04]} Bxh4 {[%emt 0:00:13]} 41. Kf3 {[%emt 0:00:19]} Be7 {[%emt 0:00:53]} 42. Rc7 {[%emt 0:00:16]} Rxf4+ {[%emt 0:00:32]} 43. gxf4 {[%emt 0:00:04]} Bf6 {[%emt 0:00:04]} 44. Ke4 {[%emt 0:00:33]} Bb2 {[%emt 0:00:08]} 45. Rb7 {[%emt 0:00:30]} Bf6 {[%emt 0:00:06]} 46. Kd3 {[%emt 0:00:06]} Bh4 {[%emt 0:00:09]} 47. f3 {[%emt 0:00:26]} Bg3 {[%emt 0:00:18]} 48. Ke3 {[%emt 0:00:21]} Bh4 {[%emt 0:00:07]} 49. Rc7 {[%emt 0:00:23]} Bd8 {[%emt 0:00:18]} 50. Rd7 {[%emt 0:00:16]} Bf6 {[%emt 0:00:17]} 51. Ke4 {[%emt 0:00:15]} Bh4 {[%emt 0:00:09]} 52. Ra7 {[%emt 0:00:48]} Bf6 {[%emt 0:00:06]} 53. Rb7 {[%emt 0:00:13]} Bh4 {[%emt 0:00:06]} 54. Ke5 {[%emt 0:00:55]} Bg3 {[%emt 0:00:09]} 55. Kd6 {[%emt 0:00:31]} Kf6 {[%emt 0:01:48]} 56. Kd7 {[%emt 0:00:25]} Kf5 {[%emt 0:00:37]} 57. Ke7 {[%emt 0:00:04]} Kxf4 {[%emt 0:00:35]} 58. Kxf7 {[%emt 0:00:06]} Kxf3 {[%emt 0:00:16]} 59. Kxe6 {[%emt 0:00:47]} Bf4 {[%emt 0:00:31]} 60. Kf6 {[%emt 0:00:29]} g5 {[%emt 0:00:09]} 61. Kf5 {[%emt 0:00:25]} Be3 {[%emt 0:00:48]} 62. Rb4 {[%emt 0:00:07]} Bd2 {[%emt 0:00:15]} 63. Rg4 {[%emt 0:00:14]} Bf4 {[%emt 0:00:12]} 64. Rxg5 {[%emt 0:00:05]} Bxg5 {[%emt 0:00:01]} 65. Kxg5 {[%emt 0:00:08]} 1/2-1/2

[Event "ARM-ch Club 2018"]
[Site "Yerevan"]
[Date "2018.06.11"]
[Round "4"]
[White "Barseghyan, Armen Ar"]
[Black "Martirosyan, Haik M"]
[Result "0-1"]
[WhiteElo "2219"]
[BlackElo "2572"]
[Annotator "TA"]
[PlyCount "74"]
[EventDate "2018.??.??"]
[EventCountry "ARM"]
[SourceTitle "playchess.com"]
[Source "ChessBase"]
[SourceQuality "1"]

{[%evp 14,74,24,27,33,12,6,9,13,16,21,14,12,0,7,12,15,5,13,-6,0,-10,-9,-33,-33,-39,-35,-25,-6,-60,-33,-41,-44,-37,-14,-22,-14,0,0,0,0,-64,-47,-37,-44,-29989,-29990,-29990,-29991,-29991,-29992,-29992,-29993,-29994,-29994,-29994,-29995,-29995,-29996,-29996,-29997,-29997,-29998]} 1. d4 Nf6 2. Nf3 e6 3. e3 g6 4. Be2 Bg7 5. O-O O-O 6. c4 {A46: 1 d4 Nf6 2 Nf3 e6: Torre, London and Colle Systems} d6 7. b3 Nbd7 8. Bb2 {LiveBook: 3 Games. White has an edge.} Ne4 (8... Qe7 9. Nc3 Re8 10. Nb5 Nf8 11. c5 a6 12. cxd6 cxd6 13. Nc3 b5 14. Nd2 Bb7 15. a4 bxa4 16. Nxa4 {1-0 (25) Nakamura,H (2786)-Grigoriants,S (2576) chess.com INT 2017}) 9. Nc3 $146 ({Predecessor:} 9. Qc2 f5 10. Nc3 Ndf6 11. Rac1 Bd7 12. Bd3 d5 13. Ne5 c6 14. f3 Nxc3 15. Bxc3 Bh6 16. Bd2 Qe7 17. c5 Be8 18. Rfe1 Bf7 19. b4 a6 20. a4 Nd7 21. Nxd7 Qxd7 {½-½ (21) Kuhmann,P (1833)-Luban,P (1882) Erlangen 2003}) 9... Nxc3 10. Bxc3 Qe7 11. Qc2 e5 12. dxe5 dxe5 13. b4 c5 14. a3 b6 15. Nd2 f5 16. Nb3 Bb7 17. Rfd1 Rac8 18. Bf1 Rf7 19. Qb2 Ba8 20. Rac1 Qg5 21. Kh1 ({Better is} 21. Re1 $11) 21... Re8 22. bxc5 bxc5 23. Qe2 h5 24. h3 f4 25. exf4 Qxf4 26. Kg1 $1 e4 {Hoping for ...e3.} 27. Bxg7 ({White should play} 27. Bd2 $1 $11 Qe5 28. Qe3) 27... e3 $1 $36 {[%cal Re3f2][%mdl 2048] Black is more active.} 28. fxe3 $1 Rxe3 29. Qb2 $2 {[%mdl 8192] [#]} (29. Bh6 $15 Qxh6 30. Qd2) 29... Rxh3 $1 {Black mates.} 30. gxh3 Qe3+ 31. Kh2 Rf2+ 32. Bg2 Bxg2 33. Rd2 Qxh3+ 34. Kg1 {[#]} Rf1+ $1 35. Rxf1 Qh1+ 36. Kf2 Qxf1+ 37. Kg3 {[#]} h4+ $1 {[%mdl 512] Precision: White = 28%, Black = 50%.} 0-1

[Event "ARM-ch Club 2018"]
[Site "Yerevan"]
[Date "2018.06.11"]
[Round "4"]
[White "Martirosyan, Garik"]
[Black "Harutyunian, Tigran K"]
[Result "0-1"]
[WhiteElo "2128"]
[BlackElo "2499"]
[Annotator "TA"]
[PlyCount "80"]
[EventDate "2018.??.??"]
[EventCountry "ARM"]
[SourceTitle "playchess.com"]
[Source "ChessBase"]
[SourceQuality "1"]

{[%evp 16,80,27,9,28,25,25,0,7,4,-6,-15,-8,-16,0,0,35,6,20,20,37,11,9,0,0,0,0,0,47,0,0,-50,-45,-42,-27,-23,-18,-52,-12,-14,0,-11,0,-90,-47,-60,-33,-87,-87,-100,-110,-112,-125,-237,-231,-222,-213,-316,-263,-251,-252,-312,-295,-379,-268,-465,-450]} 1. d4 Nf6 2. c4 e6 3. Nc3 Bb4 4. Nf3 b6 5. e3 {[%cal Be2e3,Be3e4][%mdl 32]} Bb7 6. Bd3 Bxc3+ 7. bxc3 d6 8. O-O O-O 9. Qe2 {LiveBook: 4 Games} Re8 {E43: Nimzo-Indian: Rubinstein: 4...b6} (9... Qe7 10. e4 e5 11. Bg5 h6 12. Bh4 Nbd7 13. Nd2 Rfe8 14. Rfe1 Qf8 15. Rab1 g5 16. Bg3 Qg7 17. c5 dxc5 {0-1 (49) Batsiashvili,N (2528)-Khukhashvili,S (2301) Tbilisi 2018}) 10. e4 e5 11. Bg5 Nbd7 {The position is equal.} 12. Nd2 h6 13. Bxf6 Qxf6 14. Qe3 Qg5 $146 ({Predecessor:} 14... Qf4 15. Qe2 exd4 16. cxd4 d5 17. cxd5 Bxd5 18. f3 Qd6 19. Qf2 {1-0 (39) Tanguay,A-Zalys,I Canada 1948}) 15. f4 exf4 16. Rxf4 Nf8 17. h4 Qa5 18. Raf1 Re7 $1 19. Bb1 Rae8 20. Qf3 {[%cal Rf4f7]} f6 21. Qg3 Kh8 22. Qd3 (22. c5 $5) 22... Bc8 23. d5 Qc5+ 24. Kh2 Re5 25. Nb3 Qa3 {...Ng6 is the strong threat.} 26. Qf3 R5e7 {White should prevent ...Ng6.} ({Avoid the trap} 26... Ng6 $2 {[#]} 27. Rxf6 $1 {[%mdl 512]} Kh7 28. Rf7 $18) 27. Qd3 $1 Ba6 28. R1f3 Qa4 29. Nd2 (29. Nd4 $11) 29... Re5 30. Rg3 Bc8 31. Qf3 (31. Qf1 $15 Nd7 32. Qc1) 31... Qd7 $17 32. Rfg4 R8e7 33. Rf4 Qe8 34. Qf1 (34. c5 $17 bxc5 35. Nc4) 34... Ng6 $19 {[%cal Bf8g6,Bg6h4,Bh4f3][%mdl 32]} 35. Rf2 Nxh4 36. Nf3 {[#]} (36. Bd3 {keeps fighting.}) 36... Qh5 $1 {[%csl Gh5][%cal Rh4f3][%mdl 512]} 37. Kg1 Nxf3+ 38. Rfxf3 Qh4 39. Bd3 Rh5 40. Kf2 $2 (40. Re3) 40... Rg5 {Precision: White = 50%, Black = 47%.} 0-1

[Event "ARM-ch Club 2018"]
[Site "Yerevan"]
[Date "2018.06.11"]
[Round "4"]
[White "Yeremyan, Alen"]
[Black "Gabuzyan, Hovhannes"]
[Result "0-1"]
[WhiteElo "2033"]
[BlackElo "2539"]
[Annotator "TA"]
[PlyCount "40"]
[EventDate "2018.??.??"]
[EventCountry "ARM"]
[SourceTitle "playchess.com"]
[Source "ChessBase"]
[SourceQuality "1"]

{[%evp 21,40,7,0,-71,-59,-140,-123,-133,-128,-138,-148,-167,-169,-182,-187,-266,-244,-1714,-1695,-1704,-1698]} 1. e4 c5 2. Nf3 d6 3. Nc3 a6 4. d4 cxd4 5. Nxd4 Nf6 6. Bc4 e6 7. Bb3 Nc6 8. Be3 Bd7 9. Qe2 Rc8 {B89: Sicilian: Velimirovic Attack} (9... b5 10. O-O-O Na5 11. Kb1 Be7 12. Bc1 O-O 13. Rhe1 b4 14. Na4 Nxb3 15. axb3 Qc7 16. g4 d5 17. f3 dxe4 18. fxe4 {½-½ (34) Vocaturo,D (2603)-Van Wely,L (2661) Belgium 2017}) 10. O-O-O Na5 11. f3 b5 {[%cal Bb7b5,Bb5b4][%mdl 32] LiveBook: 4 Games. The position is equal.} 12. Qf2 $146 {[#]} (12. g4 $11 {remains equal.}) ({Predecessor:} 12. Kb1 Nc4 13. Bxc4 Rxc4 14. g4 h6 15. h4 g6 16. Qd2 Qc7 17. Nce2 {0-1 (40) Ma,Q (2447)-Ma,Z (2378) Hefei 2011}) 12... b4 $1 $17 {[%cal Rb4c3]} 13. Nb1 (13. Nce2 $15) 13... Qc7 14. g4 Be7 15. g5 Nh5 16. f4 O-O 17. f5 e5 {[%cal Be6e5,Be5d4,Bd4e3][%mdl 32]} 18. f6 (18. Nf3 {is a better defense.}) 18... exd4 $19 19. fxe7 $2 {[#]} (19. Rxd4 gxf6 20. Rg1) 19... Nxb3+ 20. axb3 dxe3 0-1

[Event "ARM-ch Club 2018"]
[Site "Yerevan"]
[Date "2018.06.11"]
[Round "4"]
[White "Khachatryan, Anna"]
[Black "Davtyan, Artur"]
[Result "0-1"]
[WhiteElo "1955"]
[BlackElo "2349"]
[Annotator "ChessBase"]
[PlyCount "128"]
[EventDate "2018.??.??"]
[EventCountry "ARM"]
[SourceTitle "playchess.com"]
[Source "ChessBase"]
[SourceQuality "1"]
[TimeControl "5400+30"]

1. Nf3 {[%emt 0:00:00]} Nf6 {[%emt 0:01:11]} 2. g3 {[%emt 0:00:00]} d5 {[%emt 0:00:31]} 3. Bg2 e6 {[%emt 0:00:05]} 4. O-O {[%emt 0:00:00]} Be7 {[%emt 0:00:25]} 5. d3 {[%emt 0:00:00]} b5 {[%emt 0:02:06]} 6. Nbd2 {[%emt 0:00:00]} Bb7 {[%emt 0:00:01]} 7. Re1 {[%emt 0:00:07]} h6 {[%emt 0:01:26]} 8. e4 {[%emt 0:04:33]} c5 {[%emt 0:07:40]} 9. e5 {[%emt 0:00:19]} Nfd7 {[%emt 0:00:05]} 10. Nf1 {[%emt 0:00:09]} Nc6 11. h4 {[%emt 0:03:33]} b4 {[%emt 0:04:16]} 12. Bf4 {[%emt 0:26:43]} g5 {[%emt 0:04:28]} 13. hxg5 {[%emt 0:00:13]} hxg5 {[%emt 0:00:02]} 14. Bd2 {[%emt 0:00:29]} g4 {[%emt 0:22:23]} 15. N3h2 {[%emt 0:00:03]} Ndxe5 {[%emt 0:00:53]} 16. Nxg4 {[%emt 0:00:49]} Nxg4 {[%emt 0:03:14]} 17. Qxg4 {[%emt 0:00:07]} Bf6 {[%emt 0:01:56]} 18. Rab1 {[%emt 0:19:21]} Ne5 {[%emt 0:04:04]} 19. Qe2 {[%emt 0:04:13]} Qd7 {[%emt 0:01:25]} 20. d4 {[%emt 0:07:45]} cxd4 {[%emt 0:03:05]} 21. Bxb4 {[%emt 0:00:15]} Rc8 {[%emt 0:12:26]} 22. b3 {[%emt 0:09:22]} Qc6 {[%emt 0:07:44]} 23. Qd2 {[%emt 0:08:42]} Ng6 {[%emt 0:17:17]} 24. Rbc1 {[%emt 0:01:36]} Kd7 {[%emt 0:00:01]} 25. Qd3 {[%emt 0:05:14]} Ne5 {[%emt 0:00:01]} 26. Qd2 {[%emt 0:00:08]} Ng6 {[%emt 0:00:18]} 27. Qd3 {[%emt 0:00:01]} Bg7 {[%emt 0:01:19]} 28. Qf3 {[%emt 0:00:37]} f5 {[%emt 0:00:02]} 29. a4 {[%emt 0:03:30]} Bf6 {[%emt 0:01:02]} 30. Qd1 {[%emt 0:02:47]} Qb6 {[%emt 0:02:34]} 31. Qd2 {[%emt 0:00:50]} Ne5 {[%emt 0:01:38]} 32. Ba5 {[%emt 0:02:22]} Qa6 {[%emt 0:00:29]} 33. Bb4 {[%emt 0:00:25]} Ng4 {[%emt 0:01:24]} 34. Qf4 {[%emt 0:01:30]} Qb6 {[%emt 0:00:19]} 35. Bd2 {[%emt 0:00:29]} Rcg8 {[%emt 0:00:36]} 36. Qf3 {[%emt 0:00:34]} Ne5 {[%emt 0:00:02]} 37. Qd1 {[%emt 0:00:40]} Ng4 {[%emt 0:00:26]} 38. Qf3 Rc8 {[%emt 0:01:38]} 39. Qf4 {[%emt 0:00:52]} Qd6 {[%emt 0:00:56]} 40. Qf3 Ne5 {[%emt 0:00:28]} 41. Qd1 {[%emt 0:00:57]} Qb6 {[%emt 0:00:22]} 42. Bf4 {[%emt 0:00:58]} Ng6 {[%emt 0:00:02]} 43. Bd2 {[%emt 0:00:13]} Ne5 {[%emt 0:00:31]} 44. Bf4 {[%emt 0:00:13]} Ng4 {[%emt 0:00:01]} 45. Qf3 {[%emt 0:00:20]} Rc3 {[%emt 0:00:07]} 46. Qe2 {[%emt 0:00:20]} Ba6 {[%emt 0:00:21]} 47. Qd2 {[%emt 0:00:15]} Qc5 {[%emt 0:01:59]} 48. Bg5 {[%emt 0:00:47]} Bg7 {[%emt 0:00:24]} 49. Qf4 {[%emt 0:00:50]} Rf8 {[%emt 0:00:37]} 50. Nh2 {[%emt 0:00:40]} e5 {[%emt 0:00:26]} 51. Qd2 {[%emt 0:00:17]} Nxh2 {[%emt 0:00:35]} 52. Kxh2 {[%emt 0:00:01]} Rh8+ {[%emt 0:00:17]} 53. Kg1 {[%emt 0:00:00]} Qc6 {[%emt 0:00:45]} 54. Bh1 {[%emt 0:01:51]} Qg6 {[%emt 0:00:30]} 55. Bxd5 Qh5 {[%emt 0:00:32]} 56. Bh4 {[%emt 0:00:46]} Bh6 {[%emt 0:00:32]} 57. f4 {[%emt 0:01:01]} Bxf4 {[%emt 0:00:24]} 58. Qd1 {[%emt 0:00:28]} Bxc1 {[%emt 0:00:33]} 59. Qxc1 {[%emt 0:00:09]} Qg4 {[%emt 0:00:10]} 60. Bg2 {[%emt 0:00:51]} Rxg3 {[%emt 0:00:52]} 61. Bxg3 {[%emt 0:00:01]} Qxg3 {[%emt 0:00:01]} 62. Qd2 {[%emt 0:00:19]} Qh2+ {[%emt 0:00:01]} 63. Kf2 {[%emt 0:00:03]} Rg8 {[%emt 0:00:06]} 64. Rg1 {[%emt 0:00:13]} Qg3# {[%emt 0:00:01]} 0-1